[Event "EU-Cup Online Gr-C (Women)"]
[Site "Tornelo INT"]
[Date "2020.12.20"]
[Round "6.1"]
[White "Mihevc Mohr, Narcisa"]
[Black "Johannsdottir, Johanna Bjorg"]
[Result "0-1"]
[WhiteElo "1974"]
[BlackElo "1935"]
[PlyCount "68"]
[EventDate "2020.12.19"]
[EventType "team-tourn (rapid)"]
[EventRounds "7"]
[EventCountry "ISS"]
[SourceTitle "CBM 199 Extra"]
[Source "ChessBase"]
[SourceDate "2021.01.31"]
[SourceVersion "1"]
[SourceVersionDate "2021.01.31"]
[SourceQuality "1"]
[WhiteTeam "Maribor (W)"]
[BlackTeam "Huginn (W)"]
[WhiteTeamCountry "SLO"]
[BlackTeamCountry "ISL"]

1. e4 c5 2. Nf3 g6 3. d4 cxd4 4. Nxd4 Nc6 5. Nc3 Bg7 6. Be3 Nf6 7. Bc4 0-0 8. Bb3 Ng4 9. Qxg4 Nxd4 10. Qh4 Ne6 11. Nd5 Bxb2 12. Rd1 Re8 13. f4 Qa5+ 14. Bd2 Qc5 15. Bb4 Qc6 16. Bxe7 Bc3+ 17. Nxc3 Qxc3+ 18. Rd2 Qe3+ 19. Re2 Qc1+ 20. Kf2 Qxf4+ 21. Kg1 Nd4 22. Re1 Qxh4 23. Bxh4 d6 24. Bg3 Bg4 25. h3 Ne2+ 26. Kf2 Nxg3 27. Kxg3 Be6 28. Kf4 Rac8 29. Rd1 Bxb3 30. cxb3 Rc2 31. g4 Re6 32. a4 Rc3 33. Rb1 h6 34. h4 Rf6# 0-1

[Event "EU-Cup Online Gr-C (Women)"]
[Site "Tornelo INT"]
[Date "2020.12.19"]
[Round "1.1"]
[White "Badelka, Olga"]
[Black "Mihevc Mohr, Narcisa"]
[Result "1-0"]
[WhiteElo "2440"]
[BlackElo "1974"]
[PlyCount "51"]
[EventDate "2020.12.19"]
[EventType "team-tourn (rapid)"]
[EventRounds "7"]
[EventCountry "ISS"]
[SourceTitle "CBM 199 Extra"]
[Source "ChessBase"]
[SourceDate "2021.01.31"]
[SourceVersion "1"]
[SourceVersionDate "2021.01.31"]
[SourceQuality "1"]
[WhiteTeam "Ugra (W)"]
[BlackTeam "Maribor (W)"]
[WhiteTeamCountry "RUS"]
[BlackTeamCountry "SLO"]

1. c4 Nf6 2. Nc3 g6 3. g3 Bg7 4. Bg2 0-0 5. Nf3 d6 6. d4 Nbd7 7. 0-0 e5 8. e4 Re8 9. Qc2 exd4 10. Nxd4 a5 11. h3 Nc5 12. Be3 c6 13. Rfe1 Qe7 14. Rad1 Bd7 15. Bg5 h6 16. Bf4 Nh5 17. Nxc6 Bxc6 18. Bxd6 Qg5 19. h4 Qg4 20. Bxc5 Bxc3 21. bxc3 f5 22. Qd2 Rad8 23. Qxd8 Rxd8 24. Rxd8+ Kf7 25. exf5 Bxg2 26. Re7+ 1-0

[Event "EU-Cup (Women) 23rd"]
[Site "Porto Carras"]
[Date "2018.10.17"]
[Round "6.4"]
[White "Tsivelekidou, Anthoula Elpida"]
[Black "Mihevc Mohr, Narcisa"]
[Result "0-1"]
[WhiteElo "1147"]
[BlackElo "1983"]
[PlyCount "72"]
[EventDate "2018.10.12"]
[EventType "team-swiss"]
[EventRounds "7"]
[EventCountry "GRE"]
[SourceTitle "CBM 186 Extra"]
[Source "ChessBase"]
[SourceDate "2018.08.24"]
[SourceVersion "1"]
[SourceVersionDate "2018.08.24"]
[SourceQuality "1"]
[WhiteTeam "Thessaloniki Galaxias (W)"]
[BlackTeam "Maribor (W)"]
[WhiteTeamCountry "GRE"]
[BlackTeamCountry "SLO"]

1. d4 Nf6 2. c4 g6 3. Nc3 Bg7 4. Bg5 0-0 5. e3 d6 6. Nf3 c6 7. Be2 a6 8. a4 a5 9. 0-0 Na6 10. Qb3 Nb4 11. Na2 c5 12. Nxb4 axb4 13. dxc5 dxc5 14. Rfd1 Qb6 15. Ne1 h6 16. Bh4 g5 17. Bg3 Ne4 18. Bf3 Nxg3 19. hxg3 f5 20. Bd5+ Kh8 21. Bf3 g4 22. Be2 e5 23. Nd3 Be6 24. Nc1 Qc7 25. Qc2 Qf7 26. b3 f4 27. Rf1 f3 28. Bd3 e4 29. Ra2 exd3 30. Qxd3 fxg2 31. Kxg2 Qf3+ 32. Kg1 Bf5 33. Qe2 Bc3 34. Qxf3 gxf3 35. Rd1 Rad8 36. Rf1 Bh3 0-1

[Event "Longtou Cup 1st"]
[Site "Qinhuangdao"]
[Date "2018.05.29"]
[Round "4"]
[White "Mihevc Mohr, Narcisa"]
[Black "Lu, Miaoyi"]
[Result "0-1"]
[WhiteElo "2046"]
[BlackElo "1542"]
[PlyCount "60"]
[EventDate "2018.05.26"]
[EventType "swiss"]
[EventRounds "9"]
[EventCountry "CHN"]
[SourceTitle "CBM 184 Extra"]
[Source "ChessBase"]
[SourceDate "2018.06.28"]
[SourceVersion "1"]
[SourceVersionDate "2018.06.28"]
[SourceQuality "1"]

1. e4 c6 2. d4 d5 3. exd5 cxd5 4. Bd3 Nc6 5. c3 Qc7 6. h3 Nf6 7. Ne2 e5 8. dxe5 Nxe5 9. Bb5+ Bd7 10. Bxd7+ Nexd7 11. 0-0 Bd6 12. Nd4 0-0 13. Nb5 Qb6 14. Nxd6 Qxd6 15. Na3 a6 16. Be3 Nc5 17. Qd4 Ne6 18. Qh4 b5 19. Rad1 Qc7 20. Rd3 Rad8 21. Rfd1 Rfe8 22. Bd4 Nxd4 23. Qxd4 Re4 24. Nc2 Rxd4 25. Rxd4 a5 26. Ne3 h6 27. a3 Kh7 28. R1d3 Qc5 29. Rd1 Re8 30. g3 Re5 0-1

[Event "Longtou Cup 1st"]
[Site "Qinhuangdao"]
[Date "2018.05.28"]
[Round "3"]
[White "Wang, Yu A"]
[Black "Mihevc Mohr, Narcisa"]
[Result "1-0"]
[WhiteElo "2340"]
[BlackElo "2046"]
[PlyCount "119"]
[EventDate "2018.05.26"]
[EventType "swiss"]
[EventRounds "9"]
[EventCountry "CHN"]
[SourceTitle "CBM 184 Extra"]
[Source "ChessBase"]
[SourceDate "2018.06.28"]
[SourceVersion "1"]
[SourceVersionDate "2018.06.28"]
[SourceQuality "1"]

1. e4 c5 2. c3 Nf6 3. e5 Nd5 4. Nf3 Nc6 5. Bc4 Nb6 6. Bb3 c4 7. Bc2 d5 8. exd6 Qxd6 9. 0-0 Bg4 10. h3 Bh5 11. Re1 Bg6 12. b3 Bxc2 13. Qxc2 Qg6 14. Qxg6 hxg6 15. Na3 cxb3 16. axb3 a6 17. d4 e6 18. Nc4 Nd5 19. Bd2 Be7 20. Na5 Nxa5 21. Rxa5 b6 22. Ra2 0-0 23. c4 Nb4 24. Ra4 a5 25. Bxb4 Bxb4 26. Rd1 Rfd8 27. Kf1 b5 28. cxb5 Rab8 29. Ne5 Rxb5 30. Nc6 Rd6 31. Nxb4 Rxb4 32. Rxb4 axb4 33. Ke2 Rc6 34. Ke3 Rc2 35. Rd2 Rc3+ 36. Rd3 Rc2 37. d5 exd5 38. Rxd5 Kf8 39. Rd4 Rc3+ 40. Rd3 Rc2 41. g3 g5 42. f4 gxf4+ 43. Kxf4 Ke7 44. Rd4 Rf2+ 45. Ke3 Rc2 46. Rxb4 Rc3+ 47. Kf4 g5+ 48. Kxg5 Rxg3+ 49. Kh4 Rg8 50. Rg4 Rb8 51. b4 f5 52. Rc4 Rg8 53. b5 Kd6 54. b6 Kd5 55. Rb4 Kc5 56. Rb1 Kc6 57. b7 Kc7 58. b8Q+ Rxb8 59. Rxb8 Kxb8 60. Kg5 1-0

[Event "SLO-chT2 East"]
[Site "Slovenia"]
[Date "2017.12.09"]
[Round "8"]
[White "Mihevc Mohr, Narcisa"]
[Black "Zver, Franjo"]
[Result "1-0"]
[WhiteElo "2052"]
[BlackElo "1703"]
[PlyCount "103"]
[EventDate "2017.09.30"]
[EventType "team-tourn"]
[EventRounds "9"]
[EventCountry "SLO"]
[SourceTitle "EXT 2019"]
[Source "ChessBase"]
[SourceDate "2018.10.10"]
[SourceVersion "1"]
[SourceVersionDate "2018.10.10"]
[SourceQuality "1"]

1. e4 c5 2. Nf3 Nc6 3. d4 cxd4 4. Nxd4 e6 5. Nc3 a6 6. g3 g6 7. Nxc6 bxc6 8. Qd4 f6 9. Bg2 Qa5 10. 0-0 Bc5 11. Qd3 e5 12. Bd2 Qc7 13. Rad1 a5 14. Na4 Ba6 15. c4 Bd4 16. b3 c5 17. Qf3 Bb7 18. Nc3 Bc6 19. Nd5 Bxd5 20. cxd5 Qd6 21. Rfe1 h5 22. h3 Ne7 23. Rc1 0-0 24. Rc4 f5 25. Be3 fxe4 26. Qxe4 Nf5 27. Bxd4 Nxd4 28. Qxe5 Qxe5 29. Rxe5 d6 30. Re1 Rf6 31. f4 h4 32. Kh2 Raf8 33. Re4 hxg3+ 34. Kxg3 Nf5+ 35. Kg4 Kg7 36. Ra4 Ra8 37. Re2 Nh6+ 38. Kf3 g5 39. Re7+ Kf8 40. Re6 Rxe6 41. dxe6 gxf4 42. Kxf4 Ra7 43. Kg5 Ng8 44. Rf4+ Ke8 45. Bc6+ Kd8 46. Rf8+ Kc7 47. Rxg8 Kxc6 48. Kf6 d5 49. e7 Rxe7 50. Kxe7 c4 51. bxc4 dxc4 52. h4 1-0

[Event "SLO-chT2 East"]
[Site "Slovenia"]
[Date "2017.11.25"]
[Round "6"]
[White "Kuhar, Larisa"]
[Black "Mihevc Mohr, Narcisa"]
[Result "1/2-1/2"]
[WhiteElo "1786"]
[BlackElo "2052"]
[PlyCount "50"]
[EventDate "2017.09.30"]
[EventType "team-tourn"]
[EventRounds "9"]
[EventCountry "SLO"]
[SourceTitle "EXT 2019"]
[Source "ChessBase"]
[SourceDate "2018.10.10"]
[SourceVersion "1"]
[SourceVersionDate "2018.10.10"]
[SourceQuality "1"]

1. e4 c5 2. Nf3 e6 3. d4 cxd4 4. Nxd4 Nf6 5. Nc3 Nc6 6. Be2 Bb4 7. Qd3 d5 8. Nxc6 bxc6 9. exd5 exd5 10. 0-0 0-0 11. Bg5 Qd6 12. Bh4 a5 13. h3 Re8 14. Qf3 Bxc3 15. bxc3 Ne4 16. Rfe1 Qh6 17. Bg3 Nxg3 18. Qxg3 Bf5 19. Bd3 Bxd3 20. Qxd3 Qd6 21. c4 d4 22. c3 c5 23. Rad1 h6 24. Re4 Rxe4 25. Qxe4 Rd8 1/2-1/2

[Event "SLO-chT2 East"]
[Site "Slovenia"]
[Date "2015.09.19"]
[Round "3"]
[White "Mostoegl, Konrad"]
[Black "Mihevc Mohr, Narcisa"]
[Result "1/2-1/2"]
[WhiteElo "1962"]
[BlackElo "2099"]
[PlyCount "54"]
[EventDate "2015.09.05"]
[EventType "team-tourn"]
[EventRounds "9"]
[EventCountry "SLO"]
[SourceTitle "EXT 2019"]
[Source "ChessBase"]
[SourceDate "2018.10.10"]
[SourceVersion "1"]
[SourceVersionDate "2018.10.10"]
[SourceQuality "1"]
[WhiteTeam "Dravograd"]
[BlackTeam "Maribor ZSK III"]
[WhiteTeamCountry "SLO"]
[BlackTeamCountry "SLO"]

1. Nf3 Nf6 2. c4 g6 3. b3 Bg7 4. Bb2 0-0 5. e3 d6 6. Be2 Nbd7 7. 0-0 e5 8. d3 a5 9. a3 Nc5 10. b4 Ne6 11. Qc2 b6 12. Rd1 Bb7 13. Nbd2 Nd7 14. d4 exd4 15. Nxd4 Ne5 16. Rac1 Nxd4 17. exd4 Nc6 18. Nf3 Re8 19. b5 Ne7 20. d5 Nf5 21. Bd3 Nh4 22. Nd4 Qg5 23. Bf1 Bc8 24. Kh1 Bd7 25. Qd3 Bc8 26. Qc2 Bd7 27. Qd3 Bc8 1/2-1/2

[Event "SLO-chT (Women)"]
[Site "Ljubljana"]
[Date "2014.04.04"]
[Round "1.2"]
[White "Mihevc Mohr, Narcisa"]
[Black "Vucko, Maja"]
[Result "1/2-1/2"]
[WhiteElo "2067"]
[BlackElo "1911"]
[PlyCount "112"]
[EventDate "2014.04.04"]
[EventType "team-tourn"]
[EventRounds "7"]
[EventCountry "SLO"]
[SourceTitle "EXT 2019"]
[Source "ChessBase"]
[SourceDate "2018.10.10"]
[SourceVersion "1"]
[SourceVersionDate "2018.10.10"]
[SourceQuality "1"]
[WhiteTeam "Maribor ZSK (W)"]
[BlackTeam "Pomgrad Radenska (W)"]
[WhiteTeamCountry "SLO"]
[BlackTeamCountry "SLO"]

1. e4 c5 2. Nf3 a6 3. c3 d5 4. e5 Nc6 5. h3 c4 6. d3 b5 7. b3 cxd3 8. Bxd3 e6 9. 0-0 Nge7 10. Re1 Ng6 11. a4 b4 12. c4 dxc4 13. bxc4 a5 14. Be4 Ra6 15. Bg5 Be7 16. Bxe7 Qxe7 17. Bxg6 hxg6 18. Nbd2 f5 19. exf6 gxf6 20. Ne4 0-0 21. Qc2 Kg7 22. Rad1 Rd8 23. Rxd8 Nxd8 24. c5 Bb7 25. h4 Bxe4 26. Rxe4 Rc6 27. Qd2 Rxc5 28. Rd4 Nf7 29. Rd7 Qf8 30. Qd3 Qc8 31. Nd2 Rc7 32. Rxc7 Qxc7 33. Nc4 Qc5 34. g3 e5 35. Ne3 Qc1+ 36. Kh2 Qc6 37. g4 e4 38. Qd4 Qd6+ 39. Qxd6 Nxd6 40. Kg3 f5 41. Kf4 b3 42. Nd1 Nc4 43. gxf5 b2 44. Nc3 Nd2 45. fxg6 Kxg6 46. Ke3 b1Q 47. Nxb1 Nxb1 48. Kxe4 Nc3+ 49. Kd3 Nxa4 50. f4 Kf5 51. h5 Nb6 52. Kc3 Kf6 53. Kb3 Kg7 54. f5 Kh6 55. f6 Kh7 56. Ka3 Kh6 1/2-1/2

[Event "SLO-chT1 Ost"]
[Site "Maribor"]
[Date "2012.10.21"]
[Round "9"]
[White "Flander, Nejc"]
[Black "Mihevc Mohr, Narcisa"]
[Result "1-0"]
[WhiteElo "1958"]
[BlackElo "2067"]
[PlyCount "111"]
[EventDate "2012.10.11"]
[EventType "team-tourn"]
[EventRounds "9"]
[EventCountry "SLO"]
[SourceTitle "EXT 2022"]
[Source "ChessBase"]
[SourceDate "2021.10.06"]
[SourceVersion "1"]
[SourceVersionDate "2021.10.06"]
[SourceQuality "1"]

1. e4 c5 2. d4 cxd4 3. c3 Nf6 4. e5 Nd5 5. cxd4 d6 6. Bb5+ Bd7 7. Bxd7+ Qxd7 8. Qb3 dxe5 9. dxe5 e6 10. Nf3 Nc6 11. Bd2 Be7 12. 0-0 0-0 13. Na3 a6 14. Nc4 b5 15. Ne3 Rfd8 16. Rac1 Nf4 17. Rcd1 Qc7 18. Qc2 Rac8 19. Qe4 Ng6 20. Rc1 Ngxe5 21. Bc3 Bf6 22. Bxe5 Bxe5 23. Ng5 h6 24. Qh7+ Kf8 25. Nf3 Bf6 26. Rc2 Qd7 27. Ng4 Qd3 28. Qxd3 Rxd3 29. Rfc1 Rcd8 30. Rxc6 Bxb2 31. Rf1 Ra3 32. Rc2 Bc3 33. Ne3 Bf6 34. Ng4 Bc3 35. Rb1 h5 36. Ne3 g6 37. Kf1 Bf6 38. Ke2 g5 39. Rb3 Ra4 40. Ne1 Bd4 41. Nd3 f5 42. Rd2 f4 43. Nd1 Bf6 44. f3 g4 45. N1f2 gxf3+ 46. gxf3 Ke7 47. Ne4 e5 48. Rc2 Bh8 49. Ndc5 Rad4 50. Nxa6 Rg8 51. Rxb5 Rg2+ 52. Nf2 Rxh2 53. Rc7+ Kf6 54. Rb8 Ra4 55. Nb4 Ra3 56. Nc2 1-0

[Event "SLO-chT2 Ost"]
[Site "Slovenia"]
[Date "2010.09.25"]
[Round "5"]
[White "Vehtersbah, Bela"]
[Black "Mihevc Mohr, Narcisa"]
[Result "0-1"]
[WhiteElo "1850"]
[BlackElo "2142"]
[PlyCount "44"]
[EventDate "2010.05.29"]
[EventType "team-tourn"]
[EventRounds "9"]
[EventCountry "SLO"]
[SourceTitle "EXT 2022"]
[Source "ChessBase"]
[SourceDate "2021.10.06"]
[SourceVersion "1"]
[SourceVersionDate "2021.10.06"]
[SourceQuality "1"]

1. d4 Nf6 2. Nf3 g6 3. Nc3 d5 4. g3 Bg7 5. Bg2 0-0 6. 0-0 Nc6 7. Bg5 h6 8. Bf4 Nh5 9. Bc1 Bg4 10. e3 e6 11. h3 Bxf3 12. Bxf3 Nf6 13. a3 a6 14. Na4 e5 15. dxe5 Nxe5 16. Be2 Qd7 17. f4 Qxh3 18. fxe5 Qxg3+ 19. Kh1 Ne4 20. Qe1 Qh3+ 21. Kg1 Bxe5 22. Rf2 Bg3 0-1